000 00358pam a2200157a 44500
008 230515b1917 xxu||||| |||| 00| 0 eng d
020 _aNULL
041 _aHINDI
082 _a1
100 _aSHARMA
245 _aSUSRUTA SAMHITA (UTTARTANTR)
250 _a1
260 _aSANGALI
_bN.D.
_c1917
300 _a100
650 _aSUSRUTA SAMHITA (UTTARTANTR)
999 _c496945
_d496945